Inovácie retailového bankovníctva v 21. storočí diplomová práca

Guardado en:
Detalles Bibliográficos
Autor principal: Kinčoková, Michaela
Autor Corporativo: Obchodná fakulta EU. Katedra informatiky obchodných firiem
Otros Autores: Červenka, Peter, 1976-
Formato: Libro
Lenguaje:eslovaco
Publicado: Bratislava 2018
Etiquetas: Agregar Etiqueta
Sin Etiquetas, Sea el primero en etiquetar este registro!

MARC

LEADER 00000nbm a2200000 4500
001 0243262
005 20180810083653.9
041 0 |a slo 
044 |a SK 
245 1 0 |a Inovácie retailového bankovníctva v 21. storočí  |b diplomová práca  |c Michaela Kinčoková ; školiteľ: Peter Červenka 
264 1 |a Bratislava  |c 2018 
300 |a 75 s. 
100 1 |a Kinčoková, Michaela 
700 1 |a Červenka, Peter, 1976- 
710 2 |a Obchodná fakulta EU. Katedra informatiky obchodných firiem